Normal view
MARC view
- Iqra Muhammad
Entry Personal Name
001 - CONTROL NUMBER
- control field: 15377
003 - CONTROL NUMBER IDENTIFIER
- control field: NUST
005 - DATE AND TIME OF LATEST TRANSACTION
- control field: 20190624063618.0
008 - FIXED-LENGTH DATA ELEMENTS
- fixed length control field: 190624|| aca||aabn | a|a d
040 ## - CATALOGING SOURCE
- Original cataloging agency: NUST
- Transcribing agency: NUST
100 ## - HEADING--PERSONAL NAME
- Personal name: Iqra Muhammad
670 ## - SOURCE DATA FOUND
- Source citation: Work cat.: (NUST): Iqra Muhammad, Temporal Spam Identification, 2018.
